000 00323 a2200169 4500
001 182749
020 _a85-00-62888-X
040 _cMagnum
100 _aCunha, Leo
240 1 0 _aA gula
_lpor
245 1 0 _aA gula
300 _a95
362 0 _a1999
440 1 _aEdiouro
697 _aLITERATURA GERAL
942 _cBK
999 _c182749
_d182749